EcoCiencia 10 años (Registro nro. 2029)

Detalles MARC
000 -CABECERA
Campo de control 00743nam a2200229 a 4500
005 - FECHA Y HORA DE LA ULTIMA TRANSACCION
Campo de control 20200104041526.0
008 - ELEMENTOS DE LONGITUD FIJA—INFORMACION GENERAL
Campo de control 140304b2000 ec ||||| |||| 00| 0 spa d
040 ## - FUENTE DE CATALOGACIÓN
Agencia catalogadora original CO-BoIAVH
Agencia transcriptora CO-BoIAVH
041 ## - IDIOMA
Código de idioma para texto/pista de sonido o título separado Español
044 ## - PAÍS DE PUBLICACIÓN
País de publicación Ecuador
082 ## - NUMERO DE CLASIFICACION DECIMAL DEWEY
Número de clasificación 333.711
Número del ítem E19e
110 1# - ASIENTO PRINCIPAL--NOMBRE CORPORATIVO
9 (RLIN) 7171
Nombre corporativo o de jurisdicción como elemento de entrada Fundación Ecuatoriana de Estudios Ecológicos
Unidad subordinad Fundación Ecuatoriana de Estudios Ecológicos
245 ## - MENCION DE TITULO
Título EcoCiencia 10 años
Parte restante del título caminar y hacer
260 ## - PUBLICACION, DISTRIBUCION, ETC. (PIE DE IMPRENTA)
Lugar de publicación, distribución, etc. Quito
Nombre del editor, distribuidor, etc. ECOCIENCIA
Fecha de publicación, distribución, etc. 2000
300 ## - DESCRIPCION FISICA
Extensión 71 paginas.
650 #6 - ASIENTO SECUNDARIO DE MATERIA - TERMINO TEMATICO
Término temático o nombre geográfico como elemento de entrada Desarrollo institucional
9 (RLIN) 3523
650 #6 - ASIENTO SECUNDARIO DE MATERIA - TERMINO TEMATICO
Término temático o nombre geográfico como elemento de entrada Conservación de biodiversidad
9 (RLIN) 345
650 #6 - ASIENTO SECUNDARIO DE MATERIA - TERMINO TEMATICO
Término temático o nombre geográfico como elemento de entrada Sistemas de información
9 (RLIN) 52990
650 #6 - ASIENTO SECUNDARIO DE MATERIA - TERMINO TEMATICO
Término temático o nombre geográfico como elemento de entrada Comunidades locales
9 (RLIN) 3678
650 #6 - ASIENTO SECUNDARIO DE MATERIA - TERMINO TEMATICO
Término temático o nombre geográfico como elemento de entrada Conocimiento tradicional
9 (RLIN) 92244
942 ## - ELEMENTOS ADICIONALES (KOHA)
Tipo de ítem Libro
Sistema de clasificación Dewey Decimal Classification
Existencias
Withdrawn status Lost status Sistema de Clasificación Damaged status No para préstamo Colección Inventariado Ubicación Permanente Ubicación actual Fecha de adquisición Total Checkouts Número topográfico Inventario / Código de Barras Date last seen Ejemplar Price effective from Forma de adquisición Tipo de material Fuente de Valor
    Dewey Decimal Classification     General Inventariado 2017 Bogotá Bogotá 22/05/2003   LB-333.711 E19e 004869 04/12/2012 Ej. 1 04/12/2012   Libro Biocomercio
    Local     General Inventariado 2017 Sala Fabio Quevedo Sala Fabio Quevedo 16/05/2001   LB-333.711 E19e 002516 04/12/2012 Ej. 2 04/12/2012 Donación Libro